000 00690nam a2200241Ia 4500
003 OSt
005 20221005123446.0
006 a|||||r|||| 00| 0
007 ta
008 221004b |||||||| |||| 00| 0 eng d
024 _a66637
037 _cTextual
040 _aCRL
_cCRL
_beng
041 _2eng
_aeng
082 _aV53:1:M15<-M, 122K7
100 _aGodechot Par Jacques
_9113024
245 0 _aL'Europe et L'Amerique
_b A L'Eqoque Napoleonienne 1800-1815.
260 _c1967
490 _aNouvelle clio : L'Histoire et ses problems; 37
650 _aHISTORY
942 _hV53:1:M15<-M, 122K7
_cTEXL
_2cc
999 _c1047470
_d1047470